[Event "Challenge"]
[Site "http://www.queenalice.com/game.php?id=212261"]
[Date "2007.5.17"]
[Round "-"]
[White "Electric_Lettuce"]
[Black "DEI_RCR"]
[Result "1-0"]
[WhiteElo "1636"]
[BlackElo "1549"]

1. e4 e5 2. Nf3 Qf6 3. d4 d6 4. Bg5 Qg6 5. Nc3 Bg4 6. Be2 h6 7. Bh4 Nc6 8. d5
Nb4 9. O-O Nf6 10. Nxe5 dxe5 11. a3 Nxe4 12. Bxg4 Nxc2 13. Qe2 f5 14. Qb5+ c6
15. Qxb7 Qxg4 16. Qxa8+ Kf7 17. Qxa7+ Kg6 18. Rac1 Bc5 19. Qd7 Bxf2+ 20. Bxf2
Nf6 21. Qxc6 Nd4 22. Qd6 Qf4 23. Bxd4 Qxd4+ 24. Kh1 f4 25. g3 Kh7 26. gxf4 Qd2
27. fxe5 Ng4 28. e6 Rd8 29. Qf4 Qxf4 30. Rxf4 Ne5 31. e7 Re8 32. d6 Nd3 33. d7
Rxe7 34. d8=Q Nxf4 35. Qxe7 Nd5 36. Nxd5 h5 37. Rc7 Kg6 38. Qe5 h4 39. Nf4+ Kh7
40. Qxg7# 1-0

[Event "Challenge"]
[Site "http://www.queenalice.com/game.php?id=212262"]
[Date "2007.5.17"]
[Round "-"]
[White "DEI_RCR"]
[Black "Electric_Lettuce"]
[Result "0-1"]
[WhiteElo "1646"]
[BlackElo "1619"]

1. e4 e5 2. Nf3 Nf6 3. Nc3 Nc6 4. d4 exd4 5. Nxd4 Bb4 6. Bf4 O-O 7. Bd3 d5 8.
Nb5 dxe4 9. Bc4 Qxd1+ 10. Rxd1 Bg4 11. O-O Bxd1 12. Rxd1 Rad8 13. Nxc7 Rxd1+ 14.
Nxd1 Rd8 15. Ne3 Bc5 16. Ncd5 h6 17. Nxf6+ gxf6 18. Bxh6 f5 19. Bg5 Rd2 20. h3
Bxe3 21. Bxe3 Rxc2 22. g4 Rxc4 23. gxf5 Rc2 24. h4 Rxb2 25. h5 Rxa2 26. h6 b5
27. Kg2 b4 28. Kg3 b3 29. Kg4 f6 30. Kh5 Kh7 31. f4 b2 32. Bxa7 b1=Q 33. Bf2
Rxf2 34. Kg4 Qg1+ 35. Kh5 Rh2# 0-1

[Event "Let's Play Chess!"]
[Site "http://www.queenalice.com/game.php?id=212701"]
[Date "2007.5.18"]
[Round "-"]
[White "Abstro"]
[Black "Electric_Lettuce"]
[Result "1-0"]
[WhiteElo "1531"]
[BlackElo "1649"]

1. d4 d5 2. c4 e6 3. c5 Nc6 4. Nf3 Nf6 5. e3 b6 6. Qa4 bxc5 7. Bb5 Bd7 8. Bxc6
c4 9. Qa6 Bxc6 10. Qxc6+ Nd7 11. Ne5 Rb8 12. Qa4 Bd6 13. Nxd7 Qxd7 14. Qxa7 O-O
15. Nc3 Qc6 16. Qa4 Qxa4 17. Nxa4 Bb4+ 18. Nc3 Rfe8 19. f4 f5 20. Bd2 c6 21. O-O
Rb7 22. Be1 Reb8 23. Rb1 Bd6 24. Nd1 c5 25. Bc3 cxd4 26. Bxd4 Ba3 27. Rf2 Rc8
28. h3 h5 29. g4 hxg4 30. hxg4 g6 31. gxf5 gxf5 32. Rh2 Rcc7 33. Rh8+ Kf7 34.
Rh7+ Ke8 35. Rxc7 Rxc7 36. bxa3 Kd7 37. Nc3 1-0

[Event "Let's Play Chess!"]
[Site "http://www.queenalice.com/game.php?id=212702"]
[Date "2007.5.18"]
[Round "-"]
[White "Electric_Lettuce"]
[Black "Abstro"]
[Result "0-1"]
[WhiteElo "1649"]
[BlackElo "1591"]

1. e4 d5 2. exd5 Qxd5 3. Nc3 Qa5 4. d4 c6 5. Bd2 Qc7 6. Bc4 e6 7. Qe2 Bd6 8. d5
cxd5 9. Nxd5 Qd7 10. O-O-O Ne7 11. Bb5 Nbc6 12. Bf4 e5 13. Bg3 a6 14. Nb6 Qf5
15. Nxa8 O-O 16. Bd3 Qf6 17. Nf3 Be6 18. Qe3 Nf5 19. Qg5 Qxg5+ 20. Nxg5 Be7 21.
h4 Rxa8 22. Rhe1 Nxg3 23. Nxe6 Nh5 24. Ng5 f6 25. Nxh7 Bc5 26. Re2 Nf4 27. Red2
Nxd3+ 28. Rxd3 Kxh7 29. Rd5 Bxf2 30. Rd7 Rb8 31. h5 Nd4 32. Rh1 b6 33. h6 Be3+
34. Kd1 Bxh6 35. c3 Nf5 36. g4 Ne3+ 37. Ke2 Nxg4 38. Kf3 f5 39. Ke2 Rf8 40. Kd3
Nf2+ 0-1

[Event "Challenge"]
[Site "http://www.queenalice.com/game.php?id=213055"]
[Date "2007.5.19"]
[Round "-"]
[White "Electric_Lettuce"]
[Black "Karrara"]
[Result "1-0"]
[WhiteElo "1631"]
[BlackElo "1100"]

1. e4 e5 2. Nf3 Nf6 3. Nxe5 d6 4. Nxf7 Kxf7 5. Bc4+ Ke8 6. Qf3 Bg4 7. Qf4 Qe7 8.
d3 Nbd7 9. Be3 Nc5 10. O-O h6 11. h3 g5 12. Qg3 Be2 13. Re1 Ncxe4 14. dxe4 Nxe4
15. Qh2 Bxc4 16. Bd4 Rg8 17. Nd2 d5 18. f3 Bg7 19. Bxg7 Rxg7 20. Nxc4 Qc5+ 21.
Ne3 Nd2 22. Qe5+ Kf7 23. Qxd5+ Qxd5 24. Nxd5 c6 25. Nb4 a5 26. Nd3 b6 27. b3 b5
28. Rad1 Re8 29. Rxe8 Nxf3+ 30. gxf3 Kxe8 31. Ne5 c5 32. Ng4 Rg6 33. Ne5 Rf6 34.
Kg2 a4 35. Rd5 axb3 36. axb3 Ke7 37. Rxc5 Kd6 38. Nd3 b4 39. Ra5 Rg6 40. Ra6+
1-0

[Event "O Canada"]
[Site "http://www.queenalice.com/game.php?id=215211"]
[Date "2007.5.23"]
[Round "2"]
[White "jimwilson"]
[Black "Electric_Lettuce"]
[Result "1-0"]
[WhiteElo "2055"]
[BlackElo "1633"]

1. d4 d5 2. c4 e6 3. Nc3 c5 4. cxd5 exd5 5. Nf3 Nc6 6. Bf4 Nf6 7. e3 Bd6 8. Bxd6
Qxd6 9. Nb5 Qe7 10. dxc5 O-O 11. Rc1 Bf5 12. Nd6 a6 13. Nxf5 Qe6 14. Bd3 Ne4 15.
Bxe4 Qxe4 16. Nd6 Nb4 17. Nxe4 1-0

[Event "Challenge"]
[Site "http://www.queenalice.com/game.php?id=220034"]
[Date "2007.6.2"]
[Round "-"]
[White "Electric_Lettuce"]
[Black "umgeher"]
[Result "1-0"]
[WhiteElo "1644"]
[BlackElo "1528"]

1. e4 e5 2. Nf3 f6 3. Nxe5 fxe5 4. Qh5+ g6 5. Qxe5+ Ne7 6. Qxh8 Nbc6 7. Qxh7 Nd4
8. Bd3 d6 9. O-O Bg4 10. e5 dxe5 11. Bxg6+ Kd7 12. f3 Be6 13. Nc3 1-0

[Event "Challenge"]
[Site "http://www.queenalice.com/game.php?id=220035"]
[Date "2007.6.2"]
[Round "-"]
[White "umgeher"]
[Black "Electric_Lettuce"]
[Result "0-1"]
[WhiteElo "1548"]
[BlackElo "1631"]

1. e4 e5 2. c3 d5 3. f3 d4 4. c4 d3 5. a3 Bc5 6. b4 Qd4 7. Nh3 Qxa1 8. Nc3 Bxb4
9. axb4 Be6 10. Bxd3 Qa6 11. b5 Qd6 0-1

[Event "Challenge"]
[Site "http://www.queenalice.com/game.php?id=292544"]
[Date "2007.10.25"]
[Round "-"]
[White "Electric_Lettuce"]
[Black "hoovain"]
[Result "0-1"]
[WhiteElo "1670"]
[BlackElo "1805"]

1. e4 c5 2. Nf3 d6 3. d4 cxd4 4. Nxd4 Nf6 5. Nc3 a6 6. Be2 g6 7. O-O Bg7 8. Be3
O-O 9. a4 Nbd7 10. b4 e5 11. Nb3 Qc7 12. Qd3 Kh8 13. a5 b6 14. Nd5 Nxd5 15. Qxd5
Bb7 16. axb6 Nxb6 17. Qa5 Qxc2 18. Qxb6 Bxe4 19. Bd1 Qc4 20. Na5 Qd5 21. Bb3 Qb5
22. Qxd6 Rfd8 23. Qe7 Rd7 24. Qc5 Qxc5 25. Bxc5 Bf5 26. Nc6 e4 27. Rfd1 Bxa1 28.
Rxd7 Bxd7 29. Bxf7 Bxc6 30. Kf1 Rd8 31. f4 Rd2 32. h4 Bb5+ 33. Kg1 Bd4+ 34.
Bxd4+ Rxd4 35. h5 gxh5 36. Bxh5 Rxb4 37. f5 Kg7 38. Kf2 Rb3 39. Ke1 Kf6 40. g4
Rh3 41. Kf2 Rxh5 42. gxh5 Kxf5 43. Ke3 h6 44. Kd2 Kf4 45. Ke1 Kf3 46. Kd2 Kf2
47. Kd1 e3 48. Kc2 e2 49. Kb3 e1=Q 50. Ka3 Bc4 51. Kb2 Qd2+ 52. Ka3 a5 53. Ka4
Qa2# 0-1

[Event "Challenge"]
[Site "http://www.queenalice.com/game.php?id=304593"]
[Date "2007.11.15"]
[Round "-"]
[White "amaralch7"]
[Black "Electric_Lettuce"]
[Result "0-1"]
[WhiteElo "1249"]
[BlackElo "1659"]

1. e4 e5 2. Nf3 Nc6 3. c3 Nf6 4. d3 d5 5. Bg5 Be7 6. Bxf6 Bxf6 7. Nbd2 dxe4 8.
Nxe4 O-O 9. b4 Bf5 10. Nxf6+ Qxf6 11. Be2 Rad8 12. b5 e4 13. d4 exf3 14. Bxf3
Rfe8+ 15. Kf1 Nxd4 16. cxd4 Rxd4 17. Qc1 Bd3+ 18. Kg1 Be4 19. Bxe4 Rdxe4 20. g3
Re2 21. Qf1 R8e4 22. Rc1 Qe6 23. Rd1 h5 24. Rd8+ Kh7 25. Kg2 h4 26. Qd1 h3+ 0-1

[Event "Challenge"]
[Site "http://www.queenalice.com/game.php?id=323164"]
[Date "2007.12.20"]
[Round "-"]
[White "amaralch7"]
[Black "Electric_Lettuce"]
[Result "1-0"]
[WhiteElo "1468"]
[BlackElo "1646"]

1. e4 e5 2. Nf3 Nc6 3. c3 Nf6 4. d3 d5 5. Bg5 dxe4 6. Bxf6 gxf6 7. Nh4 f5 8. Qh5
exd3 9. Nd2 f4 10. O-O-O Be7 11. Ndf3 e4 12. Ne5 Nxe5 13. Qxe5 Rg8 14. Qxe4 Rg4
15. Rxd3 1-0